Band Members by Instrument - Miscellaneous Rock # 2 Edition - Statistics

General Stats
  • This quiz has been taken 106 times
  • The average score is 10 of 47
Answer Stats
Band Instrument or Role Answer % Correct
Neil Young and Crazy Horse (1968-1970) Vocals, Guitar Neil Young
87%
Dire Straits (1977-1988) Vocals, Lead Guitar Mark Knopfler
80%
The Cure (1985-1994) Vocals, Guitar, Keyboards Robert Smith
73%
Dire Straits (1977-1988) Rhythm Guitar David Knopfler / Hal Lindes / Jack Sonni
72%
Tears for Fears (1981-1991) Vocals, Bass Curt Smith
65%
*Traveling Wilburys (1988-1991) Vocals, Guitar (1988 only) Roy Orbison
63%
*Traveling Wilburys (1988-1991) Vocals, Guitar George Harrison
58%
*Traveling Wilburys (1988-1991) Vocals, Guitar Tom Petty
58%
*Traveling Wilburys (1988-1991) Vocals, Guitar Bob Dylan
53%
*Traveling Wilburys (1988-1991) Vocals, Guitar, Bass, Keyboards Jeff Lynne
43%
Joy Division (1977-1980) / New Order (1980-1993) Vocals (Joy Division) Ian Curtis
41%
Joy Division (1977-1980) / New Order (1980-1993) Bass Tom Chapman (Joy Division) / Peter Hook (New Order)
29%
Joy Division (1977-1980) / New Order (1980-1993) Vocals (New Order), Guitar, Keyboards Bernard Sumner
27%
Dire Straits (1977-1988) Drums Pick Withers / Terry Williams / Omar Hakim
20%
The Cure (1985-1994) Drums Boris Williams
19%
Tears for Fears (1981-1991) Vocals, Guitar, Keyboards Roland Orzabal
19%
Status Quo (1967-2000) Vocals, Lead Guitar Francis Rossi
18%
Status Quo (1967-2000) Vocals, Rhythm Guitar Rick Parfitt
15%
Joy Division (1977-1980) / New Order (1980-1993) Keyboards, Guitar (New Order) Gillian Gilbert
14%
The Cure (1985-1994) Bass Simon Gallup
14%
Ten Years After (1966-1974; 1988-2003) Vocals, Guitar Alvin Lee
11%
Ten Years After (1966-1974; 1988-2003) Drums Ric Lee
11%
Joy Division (1977-1980) / New Order (1980-1993) Drums Stephen Morris
11%
The Cure (1985-1994) Keyboards (1985-1989) Lol Tolhurst
10%
Status Quo (1967-2000) Bass Alan Lancaster / John "Rhino" Edwards
8%
Neil Young and Crazy Horse (1968-1970) Guitar Danny Whitten
6%
Iron Butterfly (1967-1969) Vocals, Keyboards Doug Ingle
5%
Tears for Fears (1981-1991) Keyboards (1981-1987) Ian Stanley
5%
The Cure (1985-1994) Guitar, Keyboards Porl Thompson / Perry Bamonte
5%
Neil Young and Crazy Horse (1968-1970) Drums Ralph Molina
5%
The Cure (1985-1994) Keyboards (1987-1993) Roger O'Donnell / Perry Bamonte
5%
Iron Butterfly (1967-1969) Drums Ron Bushy
5%
Dire Straits (1977-1988) Keyboards (1980-1988) Alan Clark
4%
Iron Butterfly (1967-1969) Guitar Erik Brann
4%
Status Quo (1967-2000) Drums John Coghlan / Peter Kircher / Jeff Rich
4%
Foghat (1971-1980) Vocals, Rhythm Guitar "Lonesome" Dave Peverett
4%
Tears for Fears (1981-1991) Drums (1981-1986) Manny Elias
4%
Neil Young and Crazy Horse (1968-1970) Bass Billy Talbot
3%
Dire Straits (1977-1988) Bass John Illsley
3%
Iron Butterfly (1967-1969) Bass Lee Dorman
3%
Foghat (1971-1980) Bass Tony Stevens / Nick Jameson / Craig MacGregor
3%
Ten Years After (1966-1974; 1988-2003) Bass Leo Lyons
1%
Foghat (1971-1980) Lead Guitar Rod Price
1%
Foghat (1971-1980) Drums Roger Earl
1%
Status Quo (1967-2000) Keyboards Roy Lynes / Andy Bown
1%
Ten Years After (1966-1974; 1988-2003) Keyboards Chuck Churchill
0%
Dire Straits (1977-1988) Keyboards (1984-1988) Guy Fletcher
0%
No matching quizzes found
Score Distribution
Percent of People with Each Score
Percentile by Number Answered
Your Score History
You have not taken this quiz